000 00966nam a2200241 a 4500
001 53677
003 BD-RjUL
005 20211209080012.0
008 161023s1962 ii ||||| |||| 00| 0 ben d
020 _c: Tk. 6.00
035 _a(BD-RjUL)53799
040 _aBD-RjUL
_bben
_cBD-RjUL
041 _aben
082 _223
_a891.44109
_bCHB 1962
100 _aচৌধুরী, হিমাংশুচন্দ্র
_9160424
245 1 0 _aবৈষ্ণবসাহিত্য-প্রবেশিকা /
_cহিমাংশুচন্দ্র চৌধুরী
250 _a২য় সং.
260 _aকলিকাতা :
_bজেনারেল প্রিণ্টার্স,
_c১৯৬২
300 _a[৮], ১৭০ পৃ. ;
_c২৩ সেমি.
650 _aবাংলা কবিতা
_xইতিহাস ও সমালোচনা
_9160425
650 _aBengali Poetry
_xHistory and Criticism
_9160426
942 _2ddc
_cBK
999 _c53677
_d53677